Catálogo público

Palmeras Todos los géneros y 565 especies / (Record no. 204431)

MARC details
000 -CABECERA
campo de control de longitud fija 00881nam a2200301Ia 4500
001 - NÚMERO DE CONTROL
campo de control Para_10501
003 - IDENTIFICADOR DEL NÚMERO DE CONTROL
campo de control CHAP
008 - DATOS DE LONGITUD FIJA--INFORMACIÓN GENERAL
campo de control de longitud fija 220125s9999 xx 000 0 und d
010 ## - NÚMERO DE CONTROL DE LA BIBLIOTECA DEL CONGRESO
Número de control de LC 204431
020 ## - NÚMERO INTERNACIONAL ESTÁNDAR DEL LIBRO
Número Internacional Estándar del Libro 978 - 84 - 8476 - 399 - 4
040 ## - FUENTE DE LA CATALOGACIÓN
Centro/agencia transcriptor CHAP
082 ## - NÚMERO DE LA CLASIFICACIÓN DECIMAL DEWEY
Número de clasificación PA 584.5 C35
100 ## - ENTRADA PRINCIPAL--NOMBRE DE PERSONA
Nombre de persona Cañizo Perate, José Antonio del
9 (RLIN) 18687
245 ## - MENCIÓN DE TÍTULO
Título Palmeras Todos los géneros y 565 especies /
Mención de responsabilidad, etc. José Antonio del Cañizo
250 ## - MENCIÓN DE EDICIÓN
Mención de edición 3 ed. ampliada y corregida
260 ## - PUBLICACIÓN, DISTRIBUCIÓN, ETC.
Lugar de publicación, distribución, etc. España :
Nombre del editor, distribuidor, etc. Mundipresa
300 ## - DESCRIPCIÓN FÍSICA
Extensión 1153 p.
500 ## - NOTA GENERAL
Nota general Incluye referencias bibliográficas e índice
650 ## - PUNTO DE ACCESO ADICIONAL DE MATERIA--TÉRMINO DE MATERIA
Término de materia o nombre geográfico como elemento de entrada Monocotiledóneas
9 (RLIN) 77542
650 ## - PUNTO DE ACCESO ADICIONAL DE MATERIA--TÉRMINO DE MATERIA
Término de materia o nombre geográfico como elemento de entrada Palmeras
Subdivisión general Plagas y enfermedades
9 (RLIN) 170362
901 ## - ELEMENTOS DE DATOS A LOCAL LDA (RLIN)
a PA 584.5 C35
902 ## - ELEMENTOS DE DATOS B LOCAL, LDB (RLIN)
a A
905 ## - ELEMENTOS DE DATOS E LOCAL, LDE (RLIN)
a 523220 2011 sp a 8000000300spa06
910 ## - DATOS DE OPCIÓN DEL USUARIO (OCLC)
Datos de opción del usuario
942 ## - ELEMENTOS DE PUNTO DE ACCESO ADICIONAL (KOHA)
Tipo de ítem Koha Parasitologia_
942 ## - ELEMENTOS DE PUNTO DE ACCESO ADICIONAL (KOHA)
Tipo de ítem Koha Parasitologia_
-- 1
Holdings
Estado de retiro Estado de pérdida Fuente del sistema de clasificación o colocación Estado dañado Restricciones de uso No para préstamo Código de colección Localización permanente Ubicación/localización actual Fecha de adquisición Información codificada de la localización en otra ubicación Número de inventario Total de préstamos Signatura topográfica completa Código de barras Fecha visto por última vez Número de copia Precio válido a partir de Tipo de ítem Koha Nota pública
    Dewey Decimal Classification   Préstamo 3 días   General Parasitologia Agricola Parasitologia Agricola 27/01/2020 PARA (PA_010817) (No. UACh C/E)   PA 584.5 C35 4102000570 25/01/2022 Ej.2 25/01/2022 Libro 3
    Dewey Decimal Classification   Préstamo interno   General Parasitologia Agricola Parasitologia Agricola 27/01/2020 PARA (PA_010816) (No. UACh C/E)   PA 584.5 C35 4102000569 25/01/2022 Ej.1 25/01/2022 Libro 2